Nguyễn Du: Niên phổ và tác phẩm

Uloženo v:
Podrobná bibliografie
Hlavní autor: Nguyễn Thạch Giang
Médium: Kniha
Jazyk:Undetermined
Vydáno: Hà Nội VHTT 2001
Témata:
Tagy: Přidat tag
Žádné tagy, Buďte první, kdo otaguje tento záznam!
Thư viện lưu trữ: Trung tâm Học liệu Trường Đại học Cần Thơ
LEADER 00567nam a2200169Ia 4500
001 CTU_44256
008 210402s9999 xx 000 0 und d
082 |a 895.922109 
082 |b Gi106 
100 |a Nguyễn Thạch Giang 
245 0 |a Nguyễn Du: Niên phổ và tác phẩm 
245 0 |c Nguyễn Thạch Giang, Trương Chính 
260 |a Hà Nội 
260 |b VHTT 
260 |c 2001 
650 |a vietnamese literature - 18th century,vietnamese poetry - history and criticism 
980 |a Trung tâm Học liệu Trường Đại học Cần Thơ